Chicago White Sox: All-Star Selections - Statistics

General Stats
  • This quiz has been taken 409 times
    103 since last reset
  • The average score is 23 of 111
Answer Stats
Position Amount of Selections Player % Correct
DH 5 Frank Thomas
92%
1B 6 Paul Konerko
71%
SS 2 Tim Anderson
69%
C 4 Carlton Fisk
65%
OF 1 Luis Robert Jr.
61%
P 1 Tommy John
59%
P 5 Chris Sale
57%
1B 3 José Abreu
57%
P 4 Mark Buehrle
57%
SS 13 Luis Aparicio
55%
DH 4 Harold Baines
53%
P 3 Jack McDowell
53%
SS 7 Luke Appling
49%
2B 18 Nellie Fox
49%
OF 3 Al Smith
47%
P 1 Eddie Smith
47%
P 1 Garrett Crochet
47%
SS 3 Ozzie Guillén
45%
LF 8 Minnie Miñoso
41%
SS 1 Alexei Ramírez
39%
RF 4 Magglio Ordóñez
39%
C 1 A.J. Pierzynski
37%
P 1 Bobby Jenks
37%
3B 1 Robin Ventura
37%
RF 1 Avisaíl García
35%
RF 1 Jermaine Dye
35%
1B 1 Jim Thome
35%
P 2 Thornton Lee
35%
3B 1 Joe Crede
33%
P 1 Ted Lyons
33%
P 3 Wilbur Wood
31%
P 1 Lucas Giolito
29%
P 1 Roberto Hernández
29%
LF 1 Adam Dunn
27%
P 7 Billy Pierce
27%
P 1 Bobby Thigpen
27%
2B 1 Ray Durham
27%
LF 1 Albert Belle
24%
1B 3 Dick Allen
24%
P 1 Jim Wilson
24%
P 2 Liam Hendriks
24%
P 1 Jon Garland
22%
P 1 José Contreras
22%
P 1 Carlos Rodón
20%
OF 1 Scott Podsednik
20%
P 7 Early Wynn
18%
P 1 Richard Dotson
18%
DH 1 Ron Kittle
18%
3B 1 Bill Melton
16%
P 1 Britt Burns
16%
OF 2 Carlos Quentin
16%
CF 2 Chet Lemon
16%
1B 2 Eddie Robinson
16%
P 2 Gary Peters
16%
C 1 James McCann
16%
P 1 José Quintana
16%
P 1 Lance Lynn
16%
P 2 Rich Gossage
16%
OF 1 Richie Zisk
14%
C 10 Sherm Lollar
14%
LF 2 Carlos May
12%
P 2 Esteban Loaiza
12%
OF 3 Al Simmons
10%
OF 1 Carl Everett
10%
P 1 Jim Kaat
10%
P 1 Matt Thornton
10%
SS 1 Bucky Dent
8%
P 1 Ed Farmer
8%
P 1 Jake Peavy
8%
P 1 Joe Horlen
8%
CF 1 Ken Berry
8%
SS 4 Chico Carrasquel
6%
C 1 Ed Herrmann
6%
1B 2 Ferris Fain
6%
3B 1 George Kell
6%
P 1 James Baldwin
6%
3B 2 Jimmy Dykes
6%
CF 2 Tommie Agee
6%
P 1 Wilson Álvarez
6%
2B 1 Cass Michaels
4%
P 1 Eddie Fisher
4%
P 1 Jason Bere
4%
P 1 Jesse Crain
4%
CF 3 Jim Landis
4%
2B 1 Jorge Orta
4%
P 1 Orval Grove
4%
RF 1 Pat Kelly
4%
1B 2 Roy Sievers
4%
CF 1 Thurman Tucker
4%
1B 1 Bill Skowron
2%
P 1 Bob Keegan
2%
P 1 Dick Donovan
2%
C 1 Duane Josephson
2%
P 3 Gerry Staley
2%
CF 1 Jim Busby
2%
P 1 Joe Haynes
2%
P 2 Juan Pizarro
2%
C 1 Luke Sewell
2%
CF 1 Mike Kreevich
2%
P 1 Monty Stratton
2%
P 1 Randy Gumpert
2%
P 2 Ray Herbert
2%
P 1 Ray Scarborough
2%
LF 1 Rip Radcliff
2%
1B 1 Rudy York
2%
P 1 Sandy Consuegra
2%
P 1 Vern Kennedy
2%
P 1 Virgil Trucks
2%
C 1 Mike Tresh
0%
2B 1 Tony Cuccinello
0%
RF 1 Wally Moses
0%
No matching quizzes found
Score Distribution
Percent of People with Each Score
Percentile by Number Answered
Your Score History
You have not taken this quiz since the last reset